| 000 | 00568nam a22001937a 4500 | ||
|---|---|---|---|
| 005 | 20240301143153.0 | ||
| 010 | _aENG-139519 | ||
| 020 |
_c295.00 _a9789380502953 |
||
| 035 | _aEN-123051 | ||
| 037 | _bDBAD/PUB | ||
| 082 | _a658.562 | ||
| 100 |
_aTondon Sandeep _962681 |
||
| 245 |
_aTotal Quality Management/ _hEnglish |
||
| 260 |
_aDaryaganj _bKW Publishers Pvt Ltd |
||
| 270 |
_b NewDelhi _a4676/21 , First Floor , Ansari Road _e110002 |
||
| 300 |
_a87p. _c23cm(pbk) |
||
| 700 |
_aAnuradha Thakur _962682 |
||
| 942 |
_2ddc _cEN _h658.562 _mTON |
||
| 999 |
_c201185 _d201185 |
||